Les aventures de Telémaque : tome premier, tome second /

Spremljeno u:
Bibliografski detalji
Glavni autor: Fénelon, François (autor)
Format: Knjiga
Jezik:francuski
Teme:
Oznake: Dodaj oznaku
Bez oznaka, Budi prvi tko označuje ovaj zapis!

MARC

LEADER 00000nam^a2200000^a^4500
001 000369777
005 20250526000000.0
009 20260310115845.862
037 |a Acervo ITESO - Biblioteca 
041 |a FRA 
082 |a 843.  |b FEN 
100 |a Fénelon, François  |e (autor) 
240 1 1 |a [Aventuras de Telémaco] 
245 1 4 |a Les aventures de Telémaque :  |b tome premier, tome second /  |c F. Fénelon. 
264 |a París, Francia :  |b Imprimerie de P. Baudouin,  |c fecha no identificada 
300 |a 226, 219 p. ;  |c 14.0 cm. 
336 |a texto  |b txt  |2 rdacontenido 
337 |a sin mediación  |b n  |2 rdamedio 
338 |a volumen  |b nc  |2 rdasoporte 
545 0 |a François de Salignac de la Mothe, conocido como François Fenelón (1651-1715), escritor y teólogo francés. Fue miembro de la Academia Francesa, educador del nieto de Luis XIV y arzobispo de Cambrai, cargo del que se le destituyó por la publicación de su libro Explicación de las máximas de los santos, y sus tendencias quietistas. Sus escritos muestran sus dotes de educador, apologético, humanista y su preocupación de los abusos del poder político. Entre sus obras se encuentran Aventuras de Telémaco, Tratado de educación de las hijas, Tratado de la existencia de Dios y refutación del sistema de Malebranche sobre la naturaleza y la gracia, Diálogos sobre la elocuencia, Diálogos de los muertos, y otros. 
649 |a XX 
650 |a Novela Francesa 
650 |a Literatura Francesa -  |y Siglo XVII 
910 |a Fondo General 
920 |a Impresos - Libros 
930 |a Libros Antiguos y Raros 
940 |a Literatura 
905 |a 108 
901 |a 0500263661  |b IT2  |c LRA  |i D74090  |u 20250526 
902 |a https://opac.biblio.iteso.mx/vufind/Record/000369777